Giáo trình kỹ thuật ngoại thương
Gorde:
| Egile nagusia: | |
|---|---|
| Formatua: | Liburua |
| Hizkuntza: | Undetermined |
| Argitaratua: |
H.
Lao động Xã hội
2006
|
| Gaiak: | |
| Sarrera elektronikoa: | http://lrc.tdmu.edu.vn/opac/search/detail.asp?aID=2&ID=4028 |
| Etiketak: |
Etiketa erantsi
Etiketarik gabe, Izan zaitez lehena erregistro honi etiketa jartzen!
|
| Thư viện lưu trữ: | Trung tâm Học liệu Trường Đại học Thủ Dầu Một |
|---|
| LEADER | 00624nam a2200193Ia 4500 | ||
|---|---|---|---|
| 001 | TDMU_4028 | ||
| 008 | 210410s9999 xx 000 0 und d | ||
| 082 | |a 382.01 | ||
| 090 | |b D65 | ||
| 100 | |a Đoàn, Thị Hồng Vân | ||
| 245 | 0 | |a Giáo trình kỹ thuật ngoại thương | |
| 245 | 0 | |c Đoàn Thị Hồng Vân | |
| 260 | |a H. | ||
| 260 | |b Lao động Xã hội | ||
| 260 | |c 2006 | ||
| 300 | |a 528tr. | ||
| 650 | |a Ngoại thương |v Giáo trình | ||
| 856 | |u http://lrc.tdmu.edu.vn/opac/search/detail.asp?aID=2&ID=4028 | ||
| 980 | |a Trung tâm Học liệu Trường Đại học Thủ Dầu Một | ||